00389nam a2200157Ia 4500003000400000008004100004040001600045082001300061100001800074245003800092260003000130300001000160490002400170650001500194650002200209GCL140319s9999 xx 000 0 eng d aGCL / cGCL04a843bT G1 aTRIOLET, ELSA10aLE GRAND JAMAIS / cTRIOLET, ELSA a[S.N] : bFOLIO ، c1977 a375 P aCOLLECTION FOLIOv004aLITERATURE04aFRENCH LITERATURE